Pays ayant le même nom que leur capitale - Statistiques

Statistiques générales
  • Ce quiz a été pris 263 fois
  • Le résultat moyen est 5 sur 9
Statistiques - réponses
Pays et sa capitale % Correct
Luxembourg
74%
Vatican
74%
Monaco
70%
Saint-Marin
67%
Guatemala
62%
Panama
57%
Singapour
46%
Koweït
43%
Djibouti
41%
Aucun quiz correspondant
Distribution des résultats
% des personnes avec chaque résultat
Percentile par nombre de réponses
Votre historique - résultats
Vous n’avez pas pris ce quiz